Oliver Twist, (Record no. 174564)
[ view plain ]
| 000 -LEADER | |
|---|---|
| fixed length control field | 00748cam a2200229u 4500 |
| 001 - CONTROL NUMBER | |
| control field | 9614357 |
| 003 - CONTROL NUMBER IDENTIFIER | |
| control field | Nust |
| 005 - DATE AND TIME OF LATEST TRANSACTION | |
| control field | 20170201093416.0 |
| 008 - FIXED-LENGTH DATA ELEMENTS--GENERAL INFORMATION | |
| fixed length control field | 841025s1867 nyu 000 0 eng |
| 010 ## - LIBRARY OF CONGRESS CONTROL NUMBER | |
| LC control number | 06037043 |
| 020 ## - INTERNATIONAL STANDARD BOOK NUMBER | |
| International Standard Book Number | 9788172248963 |
| 040 ## - CATALOGING SOURCE | |
| Original cataloging agency | DLC |
| Transcribing agency | CarP |
| Modifying agency | DLC |
| 050 10 - LIBRARY OF CONGRESS CALL NUMBER | |
| Classification number | PZ3.D55 |
| Item number | Ol14 |
| Classification number | PR4567 |
| 050 00 - LIBRARY OF CONGRESS CALL NUMBER | |
| Classification number | Microfilm 35991 PZ |
| 082 ## - DEWEY DECIMAL CLASSIFICATION NUMBER | |
| Classification number | 823.8 |
| Author Mark | DIC |
| 100 1# - MAIN ENTRY--PERSONAL NAME | |
| Personal name | Dickens, Charles, |
| Dates associated with a name | 1812-1870. |
| 245 10 - TITLE STATEMENT | |
| Title | Oliver Twist, |
| 260 ## - PUBLICATION, DISTRIBUTION, ETC. | |
| Place of publication, distribution, etc. | New York, |
| Name of publisher, distributor, etc. | Hurd and Houghton, |
| Date of publication, distribution, etc. | 2003. |
| 300 ## - PHYSICAL DESCRIPTION | |
| Extent | XXX, 239 p. |
| Other physical details | fronts. |
| Dimensions | 18 cm. |
| 583 ## - ACTION NOTE | |
| Action | Replace; |
| Public note | LC copy replaced by preservation microfilm |
| Institution to which field applies | DLC |
| 650 ## - SUBJECT ADDED ENTRY--TOPICAL TERM | |
| Topical term or geographic name entry element | Social conditions |
| 650 ## - SUBJECT ADDED ENTRY--TOPICAL TERM | |
| Topical term or geographic name entry element | Identity (Psychology) |
| 906 ## - LOCAL DATA ELEMENT F, LDF (RLIN) | |
| a | 0 |
| b | cbc |
| c | premunv |
| d | u |
| e | ncip |
| f | 19 |
| g | y-gencatlg |
| 942 ## - ADDED ENTRY ELEMENTS (KOHA) | |
| Source of classification or shelving scheme | |
| Koha item type | Book |
| Withdrawn status | Lost status | Source of classification or shelving scheme | Damaged status | Not for loan | Collection code | Permanent Location | Current Location | Shelving location | Date acquired | Total Checkouts | Full call number | Barcode | Date last seen | Date last checked out | Copy number | Price effective from | Koha item type |
|---|---|---|---|---|---|---|---|---|---|---|---|---|---|---|---|---|---|
| Central Library (CL) | Central Library (CL) | Fiction | 02/01/2017 | 3 | 823.8 DIC | CL672 | 12/12/2018 | 12/12/2018 | 1 | 02/01/2017 | Book |
